The Soccer Goalkeeper (Record no. 11308)

MARC details
000 -LEADER
fixed length control field 00250nam a22000977a 4500
008 - FIXED-LENGTH DATA ELEMENTS--GENERAL INFORMATION
fixed length control field 190208b ||||| |||| 00| 0 eng d
020 ## - INTERNATIONAL STANDARD BOOK NUMBER
International Standard Book Number 9780736041805
100 ## - MAIN ENTRY--PERSONAL NAME
Personal name Luxbacher
9 (RLIN) 7049
245 ## - TITLE STATEMENT
Title The Soccer Goalkeeper
260 ## - PUBLICATION, DISTRIBUTION, ETC. (IMPRINT)
Place of publication, distribution, etc. USA
Name of publisher, distributor, etc. Human Kinetics
Date of publication, distribution, etc. 2002
Holdings
Withdrawn status Lost status Source of classification or shelving scheme Damaged status Koha normalized classification for sorting Not for loan Home library Current library Shelving location Date acquired Total Checkouts Full call number Barcode Date last seen Price effective from Koha item type
    Dewey Decimal Classification   LUX_796_000000000000000_C9 Not For Loan Good Samaritan School Library Good Samaritan School Library Sports & Games 02/08/2019   LUX796 C-9 LUX15251 02/08/2019 02/08/2019 BOOK

Powered by Koha